000 01860nam a2200469Ii 4500
001 DIGRILEDIT0423
003 NyNyDIG
008 160502s2013 cl ob 000 0 spa d
006 m o d
007 cr |||||||||||
035 _a(OCoLC)874167848
040 _aDGITA
_beng
_erda
_epn
_cDGITA
020 _a9781449294946
_q(e-book)
020 _a1449294944
_q(e-book)
020 _z9789560100313
020 _z9560100319
043 _as-bo---
_as-cl---
050 1 4 _aKZA1146.B5 eBook
082 0 4 _a341.450916472
_223
100 1 _aLagos Erazo, Jaime,
_eauthor.
245 1 4 _aLas aspiraciones marítimas de Bolivia /
_cJaime Lagos Erazo.
250 _aPrimera edición.
264 1 _aProvidencia, Santiago de Chile :
_bUniversidad de Chile, Instituto de Estudios Internacionales :
_bRiL editores,
_cnoviembre de 2013.
300 _a1 online resource.
336 _atext
_2rdacontent
337 _acomputer
_2rdamedia
338 _aonline resource
_2rdacarrier
500 _a"Bibliodiversidad."
504 _aIncludes bibliographical references.
588 0 _aOnline resource; title from PDF title page (Digitalia, viewed May 2, 2016)
650 0 _aLaw of the sea
_zBolivia.
651 0 _aBolivia
_xBoundaries
_zChile.
651 0 _aChile
_xBoundaries
_zBolivia.
651 0 _aChile
_xForeign relations
_zBolivia.
655 0 _aElectronic books.
791 2 _aDigitalia (Firm),
_edistributor.
793 0 _gDigitalia eBook Collection:
_aRil Editores
776 0 8 _iPrint version:
_aLagos Erazo, Jaime.
_tAspiraciones marítimas de Bolivia.
_bPrimera edición.
_dProvidencia, Santiago de Chile : Universidad de Chile, Instituto de Estudios Internacionales : RiL editores,
_c©2013
_z9789560100313
856 4 0 _3Digitalia Hispánica
_uhttps://www.digitaliapublishing.com/a/25454/
910 _aPremium Collection: 2016
942 _cRAA
999 _c238560
_d238560